Statistics for Will Smith - Greatest Hits tracks.

Click here to take the quiz!

General Stats

  • This quiz has been taken 36 times
  • The average score is 7 of 15

Answer Stats

Answer% Correct
Men In Black
85%
Miami
82%
Wild Wild West
82%
Summertime
70%
Just The Two Of Us
61%
Gettin' Jiggy With It
58%
Will 2K
42%
Parents Just Don't Understand
36%
Nod ya Head
33%
Freakin' It
27%
Girls Ain't Nothing But Trouble
24%
Just Cruisin
24%
The Fresh Prince Of Bel Air
24%
1,000 Kisses
15%
A Nightmare On My Street
15%

Score Distribution

Percentile by Number Answered

Percent of People with Each Score

Your Score History

You have not taken this quiz